Multi-Category Letter Board VIII Quiz Stats

 Plays Quiz Updated Jan 3, 2018

Challenge
Share
Tweet
Score 0/26 Timer 06:00
1 Play Today
% Correct
Father
89.1%
Holy Spirit
89%
Son
89%
Québec City
88.9%
Kennedy
83.4%
Goblet of Fire
77.6%
Eisenhower
76.8%
Order of
the Phoenix
75.9%
Toronto
68%
Deathly Hallows
68%
Van Buren
62.1%
Class
60.8%
Phylum
54%
% Correct
Avalanche
42.8%
Lightning
40.4%
Bowser
37.2%
Maple Leafs
33.7%
Zelda
32.8%
Regina
28.4%
Unforgiven
27.3%
Xanadu
26.5%
Wicked
21.2%
No Country
for Old Men
20.5%
Jigglypuff
14.7%
You Can't Take
It With You
11.4%
Into the Woods
8.8%

You're not logged in!

Compare scores with friends on all Sporcle quizzes.
OR
Log In

You Might Also Like...

Show Comments

Extras

Top Quizzes Today


Score Distribution

Your Account Isn't Verified!

In order to create a playlist on Sporcle, you need to verify the email address you used during registration. Go to your Sporcle Settings to finish the process.

Report this User

Report this user for behavior that violates our Community Guidelines.

Details: